000 00359nam a22001457a 4500
008 210315b ||||| |||| 00| 0 eng d
020 _a9780865714458
041 _aeng
080 _a330.101.541
082 _a330.101.541
100 _a52
101 _aMAKRO
245 _aVisionaries People and Ideas to Change Your Life
_cWalljasper, J
942 _2udc
_cBK
999 _c56615
_d56615